Management znalostí
Salvato in:
| Autore principale: | |
|---|---|
| Natura: | Libro |
| Lingua: | ceco |
| Pubblicazione: |
Praha
C.H. Beck
2004
|
| Serie: | C.H. Beck pro praxi
|
| Soggetti: | |
| Tags: |
Nessun Tag, puoi essere il primo ad aggiungerne!!
|
MARC
| LEADER | 00000nam a2200000 4500 | ||
|---|---|---|---|
| 001 | 0013175 | ||
| 005 | 20240404135143.9 | ||
| 020 | |a 80-7179-884-3 | ||
| 041 | 0 | |a cze | |
| 044 | |a CZ | ||
| 245 | 1 | 0 | |a Management znalostí |c Jan Truneček |
| 264 | 1 | |a Praha |b C.H. Beck |c 2004 | |
| 300 | |a 131 s. | ||
| 490 | 1 | |a C.H. Beck pro praxi | |
| 830 | 0 | |a C.H. Beck pro praxi | |
| 610 | 2 | 0 | |a riadenie znalostí |
| 610 | 2 | 0 | |a systémy znalostné |
| 610 | 2 | 0 | |a manažment |
| 610 | 2 | 0 | |a vzdelávanie |
| 610 | 2 | 0 | |a vzdelávanie permanentné |
| 100 | 1 | |a Truneček, Jan | |